[Event "Floripa Chess Open 2024"]
[Site "Florianopolis"]
[Date "2024.01.25"]
[Round "7.31"]
[White "Pires, Marcos Vinicius Tor"]
[Black "Torres, Federico"]
[Result "1-0"]
[WhiteElo "2253"]
[BlackElo "2002"]
[PlyCount "57"]
[EventDate "2024.01.20"]
[EventRounds "10"]
[EventCountry "BRA"]

1. Nf3 Nf6 2. c4 g6 3. d4 Bg7 4. g3 O-O 5. Bg2 c5 6. O-O cxd4 7. Nxd4 Nc6 8.
Nc3 a6 9. c5 Nxd4 10. Qxd4 d6 11. cxd6 Ne8 12. Qh4 Nxd6 13. Rd1 Bd7 14. Nd5 Nf5
15. Qb4 a5 16. Qxb7 Rb8 17. Qa7 Ra8 $146 ({RR} 17... Bxb2 18. Bxb2 Rxb2 19. e4
Nd6 20. e5 Nb5 21. Qc5 Qe8 22. a4 Nc3 23. Qxc3 {1-0 (23) Juhasz,B (2267)-Simon,
N (2101) Sarospatak 1999}) ({RR} 17... Bxb2 18. Bxb2 Rxb2 19. Bh3 Rc2 20. e4 e6
21. Qxd7 exd5 22. Qxd8 Rxd8 23. exf5 {1-0 (23) Stupak,K (2547)-Kathmale,S  
(2279) Budapest HUN 2019}) 18. Nxe7+ Qxe7 19. Bxa8 Ba4 20. Qxe7 Nxe7 21. Bg5 f6
22. Rd4 fxg5 23. Rxa4 Rxa8 24. Rb1 Nc6 25. b4 Rb8 26. b5 Bc3 27. Rc4 Nd4 28.
Kf1 Nxb5 29. Rxc3 1-0

[Event "Floripa Chess Open 2024"]
[Site "Florianopolis"]
[Date "2024.01.25"]
[Round "7.32"]
[White "Rodrigues, Edgar"]
[Black "De Oliveira, Yuri Garcia"]
[Result "1-0"]
[WhiteElo "2233"]
[BlackElo "1997"]
[PlyCount "77"]
[EventDate "2024.01.20"]
[EventRounds "10"]
[EventCountry "BRA"]

1. e4 c5 2. Nf3 d6 3. d4 cxd4 4. Nxd4 Nf6 5. Nc3 a6 6. Bg5 e6 7. Qd3 Nbd7 8.
Be2 ({RR} 8. f3 Be7 9. O-O-O O-O 10. g4 b5 11. Nc6 Qe8 12. Nxe7+ Qxe7 13. Qxd6
Qxd6 14. Rxd6 h6 15. Bh4 Ne8 16. Rd2 Ne5 17. Be7 Nxf3 18. Rf2 Ne5 19. Bxf8 Kxf8
20. h3 Bb7 21. Bd3 Nf6 22. Re1 Rd8 {Bayin,H-Ozcan,O Adapazari TUR 2022 1-0})
8... Qc7 ({RR} 8... b5 9. a3 Bb7 10. f4 Qc7 11. Bf3 Rc8 12. O-O-O Be7 13. Rhe1
O-O 14. Kb1 Rfe8 15. Nb3 e5 16. g3 Bc6 17. Nd5 Nxd5 18. exd5 Ba8 19. Bg4 Bxg5
20. fxg5 Rb8 21. Bf5 g6 22. Bxd7 Qxd7 23. Nd2 {Yurtaev,L (2536)-Saravanan,V  
(2412) Guntur 2000 1-0 (41)}) 9. O-O-O $146 ({RR} 9. f4 Be7 10. Bf3 Rb8 11. O-O
b5 {1-0 (11) Vaisman,V-Stoica,V Bucharest 1971}) ({RR} 9. f4 b5 10. Bf3 Bb7 11.
O-O b4 12. Na4 Nc5 13. Nxc5 dxc5 14. e5 Nd5 15. Nxe6 fxe6 16. Be4 g6 17. Qh3
Qf7 18. Bf6 Rg8 19. c4 bxc3 20. bxc3 c4 21. Rab1 Bc5+ 22. Kh1 Bc6 23. Rbd1 Be7
{Faibisovich,V-Grigorian,K Kiev (Ukraine) 1970 0-1 (40)}) 9... b5 10. f4 Bb7
11. Bxf6 Nxf6 12. Bf3 b4 13. Nce2 Be7 14. g4 Nd7 15. Kb1 g6 16. Nb3 e5 17. h4
a5 18. h5 a4 19. hxg6 axb3 20. gxf7+ Kf8 21. Qxb3 Qa5 22. Nc1 Nc5 23. Qe3 h6
24. fxe5 Bg5 25. Qd4 dxe5 26. Qxe5 Rh7 27. Be2 Nxe4 28. Bb5 Bc6 29. Rd5 Bxc1
30. a4 bxa3 31. Bxc6 Nd2+ 32. Kxc1 axb2+ 33. Qxb2 Qa1+ 34. Qxa1 Rxa1+ 35. Kxd2
Rxh1 36. Rd8+ Kxf7 37. Bxh1 Ke7 38. Rd5 Rg7 39. Bf3 1-0

[Event "Floripa Chess Open 2024"]
[Site "Florianopolis"]
[Date "2024.01.25"]
[Round "7.33"]
[White "Contin, Daniel"]
[Black "Silva, Jeferson"]
[Result "0-1"]
[WhiteElo "2203"]
[BlackElo "1957"]
[PlyCount "128"]
[EventDate "2024.01.20"]
[EventRounds "10"]
[EventCountry "BRA"]

1. c4 e6 2. Nf3 Nf6 3. g3 d5 4. b3 Be7 5. Bg2 O-O 6. O-O c5 7. e3 Nc6 8. Qc2 ({
RR} 8. cxd5 Nxd5 9. Bb2 b6 10. d4 Ba6 11. Re1 cxd4 12. Nxd4 Nxd4 13. Bxd4 Rc8
14. Nd2 Bf6 15. Ne4 Bxd4 16. Qxd4 f5 17. Nd2 Nc3 18. Bf1 Bxf1 19. Kxf1 Qxd4 20.
exd4 Nb5 21. Nf3 Rc3 22. Kg2 Rxf3 {Filippov,V (2639)-Grischuk,A (2719) Tripoli
2004 0-1 (46)}) ({RR} 8. cxd5 exd5 9. Bb2 Be6 10. d4 c4 11. Ne5 Nxe5 12. dxe5
Ne4 13. bxc4 Qb6 14. Bd4 Qa6 15. cxd5 Bxd5 16. Qg4 Qe6 17. Qxe6 fxe6 18. Nc3
Nxc3 19. Bxc3 Bxg2 20. Kxg2 Rac8 21. Rac1 Ba3 22. Rc2 Rc6 {Stanisz,P (2176)
-Dushyant,S (2369) chess.com INT 2022 0-1 (54)}) 8... b6 9. Bb2 $146 ({RR} 9.
d3 Bb7 10. Bb2 Qc7 11. Nbd2 Rfd8 12. Rfd1 Rac8 13. Rac1 Qb8 14. a3 a6 15. Qb1
Qa8 16. Rc2 dxc4 17. Nxc4 b5 18. Ncd2 Qa7 19. Rdc1 Nb8 20. d4 cxd4 21. Nxd4 {
1/2-1/2 (21) Feustel,B (2365)-Schussler,H (2365) Germany 1982}) 9... Bb7 10.
Rd1 Rc8 11. Nc3 dxc4 12. bxc4 Qc7 13. d3 Rfd8 14. Rab1 Nd7 15. Ne4 Nde5 16. Ne1
Ng6 17. f4 f5 18. Nc3 Bf6 19. Nb5 Qf7 20. Bxf6 gxf6 21. Nf3 Rd7 22. Rd2 Rcd8
23. Rbd1 a6 24. Nc3 Rd6 25. Na4 Qc7 26. h4 Na5 27. Nc3 Qd7 28. d4 Qc7 29. d5
exd5 30. cxd5 Kf7 31. Bh3 Bc8 32. h5 Ne7 33. e4 fxe4 34. Bxc8 Qxc8 35. Qxe4 Qf5
36. Qxf5 Nxf5 37. Ne4 R6d7 38. Ne5+ fxe5 39. fxe5 Kg7 40. e6 Re7 41. Nc3 Nc4
42. Rf2 Nfd6 43. Rf4 b5 44. Rg4+ Kh8 45. Rf4 b4 46. Na4 Ne3 47. Rd3 Nef5 48.
Nxc5 a5 49. g4 Nh6 50. Kf2 Rc8 51. Ne4 Rd8 52. Ng3 Kg7 53. g5 Ng8 54. Rdf3 Rc7
55. Kg2 Ne7 56. Rd3 Rf8 57. h6+ Kg8 58. Rf6 Rc2+ 59. Kh3 Rc3 60. Rd1 Ne4 61. d6
Rxg3+ 62. Kh2 Rxg5 63. dxe7 Nxf6 64. Rd8 Re8 0-1

[Event "Floripa Chess Open 2024"]
[Site "Florianopolis"]
[Date "2024.01.25"]
[Round "7.34"]
[White "Costa, Flavio Luis Cesar"]
[Black "Aranha Filho, Alvaro Z."]
[Result "1/2-1/2"]
[WhiteElo "1994"]
[BlackElo "2201"]
[PlyCount "98"]
[EventDate "2024.01.20"]
[EventRounds "10"]
[EventCountry "BRA"]

1. e4 c5 2. Nf3 e6 3. d4 cxd4 4. Nxd4 Nc6 5. Nc3 Qc7 6. g3 a6 7. Bg2 Nf6 8. O-O
Nxd4 9. Qxd4 Bc5 10. Bf4 d6 11. Qd2 h6 12. Rad1 e5 13. Be3 Bxe3 14. fxe3 Be6
15. Qxd6 Rc8 16. h3 ({RR} 16. Qxc7 Rxc7 17. Rd2 Ke7 18. Nd5+ Bxd5 19. exd5 Ne8
20. b3 b5 21. a4 b4 22. Be4 Nd6 23. Bd3 a5 24. e4 f6 25. g4 Rc3 26. Rg2 Nb7 27.
h4 Nc5 28. Rf3 Rc8 29. g5 hxg5 30. hxg5 Nxd3 {Levitskiy,A (2318)-Fishbein,M  
(2098) chess.com INT 2023 1/2-1/2 (49)}) 16... Qxd6 17. Rxd6 Ke7 18. Rd2 $146 (
{RR} 18. Rb6 Rc7 19. Nd5+ Bxd5 20. exd5 Ne8 21. c4 Nd6 22. b3 Rc5 23. Rxd6 Kxd6
24. Rxf7 Rc7 25. c5+ Rxc5 26. Rxb7 Rc1+ 27. Kh2 Rc2 28. g4 Rf8 29. Kg3 Rxa2 30.
Rxg7 Re2 31. Rg6+ Kd7 32. d6 Rxe3+ {Holand,P (2024)-Schouten,M (2128) Fagernes
NOR 2022 0-1 (43)}) 18... Rc5 19. Nd5+ Bxd5 20. exd5 Ne8 21. d6+ Nxd6 22. Rfd1
Rd8 23. h4 f6 24. c3 Rc7 25. Kf2 Nf7 26. Rxd8 Nxd8 27. Bd5 f5 28. Rd2 Rd7 29.
Ke2 Kf6 30. c4 g5 31. hxg5+ hxg5 32. Kd1 Rh7 33. b4 Ne6 34. Bxe6 Kxe6 35. c5 f4
36. exf4 gxf4 37. gxf4 exf4 38. a4 Rh1+ 39. Kc2 f3 40. b5 axb5 41. axb5 Ke5 42.
c6 bxc6 43. bxc6 Rh6 44. c7 Rc6+ 45. Kd1 Rxc7 46. Ke1 Kf4 47. Kf2 Rc4 48. Ra2
Ke4 49. Rb2 Ra4 1/2-1/2

[Event "Floripa Chess Open 2024"]
[Site "Florianopolis"]
[Date "2024.01.25"]
[Round "7.35"]
[White "Terao, Juliana Sayumi"]
[Black "Colivet Gamboa, Julio Cesar"]
[Result "1-0"]
[WhiteElo "2198"]
[BlackElo "1976"]
[PlyCount "59"]
[EventDate "2024.01.20"]
[EventRounds "10"]
[EventCountry "BRA"]

1. e4 c5 2. Nf3 Nc6 3. d4 cxd4 4. Nxd4 g6 5. Nc3 Bg7 6. Be3 Nf6 7. Nxc6 bxc6 8.
e5 Ng8 9. Bd4 Nh6 10. e6 O-O 11. Bxg7 Kxg7 12. exd7 Qxd7 13. Qxd7 Bxd7 14.
O-O-O Be6 15. h3 ({RR} 15. Be2 Rfd8 16. Bf3 Rdc8 17. Ne4 Bd5 18. b3 e5 19. c4
Bxe4 20. Bxe4 f5 21. Rd7+ Kf6 22. Bf3 e4 23. Be2 Nf7 24. c5 Ke6 25. Rhd1 Ne5
26. R1d6# {1-0 (26) Novikova,G (2073)-Mateos Rozas,M (2213) chess.com INT 2023}
) 15... Rfd8 $146 ({RR} 15... Rad8 16. Bd3 Bd5 17. f3 f5 18. Rhe1 Kf6 19. Na4
e5 20. Ba6 Nf7 21. b3 Rd6 22. Nc5 Be6 23. Bb7 Rfd8 24. c4 {1/2-1/2 (24) Kliebe,
H (2010)-Pachow,J (2330) Goerlitz 1997}) ({RR} 15... Rab8 16. Ne4 Rfd8 17. Rxd8
Rxd8 18. Nc5 Bc8 {1/2-1/2 (18) Delanoy,A (2215)-Trabattoni,F (2340) Cannes 1992
}) 16. Ba6 Rab8 17. Rhe1 Ng8 18. Rxd8 Rxd8 19. Ne4 Rd4 20. Nc5 Bd5 21. f3 Bc4
22. c3 Rd5 23. Ne6+ fxe6 24. Bxc4 Kf6 25. Bxd5 exd5 26. Kc2 Nh6 27. Kb3 Nf5 28.
Kb4 e5 29. Kc5 Nh4 30. Re2 1-0

[Event "Floripa Chess Open 2024"]
[Site "Florianopolis"]
[Date "2024.01.25"]
[Round "7.36"]
[White "Seccafim, Caic Dos Santos"]
[Black "Marra, Eduardo Da Costa"]
[Result "1/2-1/2"]
[WhiteElo "1986"]
[BlackElo "2189"]
[PlyCount "125"]
[EventDate "2024.01.20"]
[EventRounds "10"]
[EventCountry "BRA"]

1. e4 {Lukacs,P} e5 2. Nf3 Nc6 3. Bc4 Nf6 4. Ng5 d5 5. exd5 Na5 6. Bb5+ Bd7 ({
RR} 6... c6) 7. Qe2 Bd6 ({RR} 7... Be7) 8. Nc3 O-O 9. Nge4 ({RR} 9. Bxd7 Qxd7
10. a3 ({RR} 10. O-O c6 11. dxc6 Nxc6 12. d3 ({RR} 12. Nge4 Nxe4 13. Qxe4 Rac8
({RR} 13... Rad8 14. Nd5 Bb8 15. c4 f5 16. Qh4 e4 17. b3 Be5) 14. Nd5 Bb8 15.
c4 f5 16. Qh4 Rf7 17. d3 Ne7 18. Nxe7+ Rxe7 19. b3 Rce8) 12... Nd4 13. Qd1 Rac8
14. Be3 ({RR} 14. Bd2 Bb8 15. Rc1 h6 16. Nf3 e4) 14... Ba3 15. Bc1 ({RR} 15.
Bxd4 exd4 ({RR} 15... Bxb2 16. Bxe5 Bxc3 17. Bxc3 ({RR} 17. Bxf6 Bxf6 18. Qh5
h6) 17... Rxc3 18. Rb1) 16. Nge4 ({RR} 16. bxa3 Rxc3 17. Ne4 Nxe4 18. dxe4 Rfc8
19. Rc1 d3) 16... Nxe4 ({RR} 16... Bxb2 17. Nxf6+ gxf6 18. Ne4) ({RR} 16...
dxc3 17. Nxf6+ gxf6 18. bxa3) 17. Nxe4 Bxb2 18. Rb1 Ba3)) ({RR} 10. Nce4 Be7
11. c4 Nxe4 12. Nxe4 Qa4 13. d3 b5) ({RR} 10. d3 Bb4 ({RR} 10... c6 11. Nge4
Nxd5 12. Nxd6 Nxc3 13. bxc3 Qxd6 14. O-O Rae8) 11. O-O Bxc3 12. bxc3 Qxd5 13.
c4 Qd6 14. f4 Rfe8 15. f5 Nc6 16. Be3 e4) 10... b6 ({RR} 10... Be7 11. b4 Nxd5
12. Nxh7 Kxh7 ({RR} 12... Nxc3 13. Nxf8 Qd4 14. Qe3) 13. Qe4+) 11. d3 ({RR} 11.
O-O c6 12. b4 Nb7 13. dxc6 Qxc6 14. Bb2 a5 15. b5) 11... c6 ({RR} 11... Rae8)
12. b4 Nb7 13. dxc6 Qxc6 14. Nce4 Nd7 ({RR} 14... Nxe4 15. Qxe4 Qc3+ 16. Bd2
Qxa1+ 17. Ke2) ({RR} 14... Rfc8 15. c4 ({RR} 15. Nxf6+ gxf6 16. Ne4 Be7 ({RR} 
16... Qxc2 17. Nxf6+ Kh8 ({RR} 17... Kg7 18. Qg4+) 18. Qe4 Qc3+ 19. Bd2 Qxa1+
20. Ke2) ({RR} 16... f5 17. Nf6+ Kg7 18. Nh5+) 17. O-O f5 ({RR} 17... Qxc2 18.
Qg4+ Kh8 19. Bh6 Rg8 20. Qd7) 18. Ng3)) 15. Qf3 ({RR} 15. O-O h6 ({RR} 15...
Be7 16. Qf3 ({RR} 16. f4 f5) 16... f5 17. Nf6+ Qxf6 18. Qxb7 Qd6) 16. Nf3 ({RR
} 16. Qf3 Rac8) ({RR} 16. Nxd6 Nxd6 17. Nf3 Rac8 18. c4 Rfe8) 16... Rfe8 17.
Bb2) 15... Be7 ({RR} 15... Rac8 16. Qf5 g6 17. Qxd7) ({RR} 15... Nd8 16. Nxd6)
16. Nxh7 ({RR} 16. Nf6+ Qxf6 17. Qxb7 Rfd8 ({RR} 17... e4 18. Qxe4) 18. O-O h6
19. Ne4 ({RR} 19. Nf3 e4) 19... Qe6) 16... Rfc8 ({RR} 16... f5 17. Nef6+ ({RR} 
17. Nxf8 fxe4) 17... Rxf6 18. Nxf6+ Qxf6 19. Qxb7) 17. Nhg5 ({RR} 17. Qh3 f6
18. O-O Nd8 19. f4 exf4 20. Rxf4 Qe6 21. Qh5 Qf7 22. Qf5 Qe6 23. Qh5 Qf7 24.
Qf5) 17... f6 ({RR} 17... Bxg5 18. Bxg5 ({RR} 18. Nxg5 Qxf3 19. Nxf3 Rxc2 20.
O-O Nd6 21. Be3) 18... Qxc2 19. O-O) ({RR} 17... Nd8 18. c4 f6 19. Nh3 Ne6 20.
Be3) 18. Nh3 Qxc2 19. O-O Nd8 20. Be3 ({RR} 20. Bh6 Qc6) 20... Qc6 ({RR} 20...
Qxd3 21. Rfd1 Qb5 22. a4 Qc6 23. b5 Qb7 24. Nxf6+ Nxf6 ({RR} 24... Bxf6 25.
Qxb7) 25. Rxd8+) 21. d4 Nf7 ({RR} 21... Ne6 22. d5 Qxd5 23. Rfd1 Qc6 24. Rac1
Qb5 25. Nc3) 22. Rad1 Nf8 23. Qg4 ({RR} 23. d5 Qd7 24. d6 Bd8 25. g4 a5) 23...
Qe6 {Morozevich,A (2720)-Sokolov,I (2620) Sarajevo 1999 CBM 071 [Lukacs,P] 1-0
(41)}) ({RR} 9. Bxd7 Qxd7 10. d3 Bb4 11. Bd2 h6 12. Nge4 Nxd5 13. O-O Nc6 14.
Rfe1 f5 15. Ng3 Rae8 16. Nxd5 Bxd2 17. Qxd2 Qxd5 18. Qc3 Nd4 19. Ne2 c5 20.
Nxd4 cxd4 21. Qb3 Qf7 22. Re2 Re7 23. Rae1 Rfe8 {Kokoszczynski,J (2296)
-Lobanov,S (2534) chess.com INT 2022 0-1 (53)}) 9... Nxe4 10. Nxe4 Be7 11. Nc3
$146 ({RR} 11. Bxd7 Qxd7 12. c4 c6 13. Nc3 b5 14. d6 Bxd6 15. cxb5 Rab8 16.
bxc6 Nxc6 17. O-O Nd4 18. Qd1 f5 19. d3 f4 20. f3 Bc5 21. Kh1 Nf5 22. Ne4 Bd4
23. Rb1 Rb6 24. g4 fxg3 25. hxg3 Ne3 {Wichmann,A (2126)-Hovsepyan,V (2244)
Bamberg GER 2018 0-1}) 11... c6 12. Bd3 f5 13. Qxe5 Bf6 14. Qg3 Qe7+ 15. Ne2 c5
16. c3 c4 17. Bc2 Rae8 18. Bd1 Be5 19. f4 Bf6 20. O-O Qc5+ 21. Kh1 Qxd5 22. b4
Nc6 23. d4 Ne7 24. Ng1 Bc6 25. Nf3 Qe4 26. Re1 Qd5 27. Ne5 Bh4 28. Bf3 Bxg3 29.
Bxd5+ Nxd5 30. hxg3 Nxc3 31. Be3 Ne4 32. Nxc4 Nxg3+ 33. Kh2 Ne4 34. Ne5 Bd5 35.
a3 Re6 36. Rec1 g5 37. Rc7 Rh6+ 38. Kg1 gxf4 39. Bxf4 Rh4 40. Rf1 a6 41. Nd7
Rd8 42. Be5 Rg4 43. Rxf5 Bc6 44. Nf6+ Nxf6 45. Rxf6 Rxg2+ 46. Kf1 Rg4 47. Rff7
Be4 48. Kf2 Rf8 49. Rxf8+ Kxf8 50. Ke3 h5 51. Bf4 Bc6 52. Rh7 h4 53. Rh5 Kg7
54. Rg5+ Rxg5 55. Bxg5 h3 56. Bf4 Kf6 57. d5 Bxd5 58. a4 Bc6 59. a5 Ke6 60. Kf2
Kd5 61. Kg1 Ke4 62. Bd6 Kd5 63. Bf8 1/2-1/2

[Event "Floripa Chess Open 2024"]
[Site "Florianopolis"]
[Date "2024.01.25"]
[Round "7.37"]
[White "Ferreira, Andrei Dias"]
[Black "Gauche, Charles"]
[Result "0-1"]
[WhiteElo "1977"]
[BlackElo "2182"]
[PlyCount "114"]
[EventDate "2024.01.20"]
[EventRounds "10"]
[EventCountry "BRA"]

1. e4 e5 2. Nf3 Nf6 3. Nxe5 d6 4. Nf3 Nxe4 5. Nc3 Nxc3 6. dxc3 Be7 7. Be3 Nc6
8. Qd2 O-O 9. Bd3 Ne5 10. Nxe5 ({RR} 10. O-O-O Be6 11. Nd4 c5 12. Nf5 Bf6 13.
Nxd6 Qa5 14. a3 Nxd3+ 15. Qxd3 Qc7 16. Qe4 b5 17. Qb7 Qxb7 18. Nxb7 c4 19. Nc5
Bg4 20. f3 Rfe8 21. Rhe1 Bh5 22. Ne4 Bh4 23. Ng3 Bg6 24. Bf2 a6 {Mariot Vaz,J 
(1415)-Dull,A (1853) Florianopolis BRA 2021 0-1 (45)}) 10... dxe5 11. O-O-O Be6
12. Qe2 Qe8 $146 ({RR} 12... Qc8 13. Kb1 c6 14. Bc1 Qc7 15. Rhe1 Bf6 16. g4 g6
17. h4 b5 18. h5 Rfe8 19. Be4 Bg7 20. Qf3 Rac8 21. hxg6 fxg6 22. Rh1 Qf7 23.
Qxf7+ Bxf7 24. Rd6 c5 25. Bc6 Re6 26. Rxe6 Bxe6 27. Bxb5 {Hansen,E (2573)
-Przybylski,W (2354) Berlin 2015 1-0 (57)}) 13. Bc4 Bd6 14. Rhf1 a6 15. f4 exf4
16. Bxf4 Bxc4 17. Qxc4 Bxf4+ 18. Qxf4 Qc6 19. h4 Rae8 20. h5 h6 21. Rd2 Re7 22.
g4 Rfe8 23. g5 hxg5 24. Qxg5 Re1+ 25. Rd1 Rxf1 26. Rxf1 Qh6 27. Qxh6 gxh6 28.
Rf5 Re6 29. Kd2 Kf8 30. c4 Ke7 31. Kd3 f6 32. b4 Re1 33. Rc5 Kd8 34. Rd5+ Ke8
35. Rc5 Re7 36. b5 a5 37. Rf5 Kf7 38. c5 Re5 39. Rxe5 fxe5 40. Ke4 Ke6 41. c6
bxc6 42. bxc6 Kf6 43. Ke3 Kf5 44. Kf3 a4 45. a3 e4+ 46. Ke3 Ke5 47. c3 Kd5 48.
Kf4 Kc4 49. Kxe4 Kxc3 50. Kd5 Kb3 51. Ke6 Kxa3 52. Kd7 Kb4 53. Kxc7 a3 54. Kb7
a2 55. c7 a1=Q 56. c8=Q Qh1+ 57. Qc6 Qxh5 0-1

[Event "Floripa Chess Open 2024"]
[Site "Florianopolis"]
[Date "2024.01.25"]
[Round "7.38"]
[White "Mesquita, Guilherme"]
[Black "Federzoni, Enzo"]
[Result "0-1"]
[WhiteElo "1975"]
[BlackElo "2170"]
[PlyCount "72"]
[EventDate "2024.01.20"]
[EventRounds "10"]
[EventCountry "BRA"]

1. e4 c5 2. Nf3 d6 3. d4 cxd4 4. Nxd4 Nf6 5. Nc3 a6 6. Be2 e5 7. Nb3 Be7 8. Be3
Be6 9. O-O O-O 10. f4 exf4 11. Rxf4 Nc6 12. Nd5 Bxd5 13. exd5 Ne5 14. c4 ({RR} 
14. Rb4 Qd7 15. a4 Rfe8 16. Kh1 Bd8 17. Bg1 Rc8 18. a5 Ng6 19. c3 Ne4 20. Nd4
Ne5 21. Qa4 Qxa4 22. Rbxa4 Nc5 23. Rb4 g6 24. Nb3 Rc7 25. Nxc5 dxc5 26. d6 cxb4
27. dxc7 Bxc7 28. cxb4 Nc6 {Lutz,C (2610)-Bologan,V (2608) Germany 1999 1/2-1/
2 (37)}) ({RR} 14. Rb4 Qc7 15. Bb6 Qd7 16. h3 Rac8 17. a4 Qf5 18. Rc1 Ned7 19.
Bf2 Rc7 20. Bf3 Ne5 21. Be2 Rfc8 22. c4 Qg5 23. Nd2 Nxd5 24. Rb3 Nf4 25. Bf1
Qf5 26. Qc2 Qh5 27. Qe4 Ne6 28. Rxb7 Qg6 {Carmo,J (1604)-Mariano,K (1480)
Cuiaba - MT - Brasil 2022 0-1 (39)}) 14... Nfd7 15. Rf5 Rc8 16. Rc1 Re8 $146 ({
RR} 16... b6 17. Nd4 Re8 18. Rxf7 Bf6 19. Ne6 Nxf7 20. Nxd8 Rcxd8 21. Bf2 Bxb2
22. Rb1 Bf6 23. Bf1 Rb8 24. Rb3 Ng5 25. Bd3 Nc5 26. Rb1 Nge4 27. Bxe4 Rxe4 28.
Bxc5 dxc5 29. Qd3 Bd4+ 30. Kh1 Rbe8 31. g3 {Han,Y (1926)-Doknjas,J (1838)
Richmond 2013 1-0 (60)}) 17. Qd2 Bf6 18. Bg5 Bxg5 19. Rxg5 Nb6 20. Nd4 Nbxc4
21. Qf4 Ng6 22. Rxg6 hxg6 23. Rxc4 Rxc4 24. Bxc4 Qb6 25. h3 g5 26. Qf2 Re4 27.
Nb5 Qxf2+ 28. Kxf2 axb5 29. Bb3 f5 30. Bc2 Re5 31. Kf3 Kf7 32. b4 Kf6 33. Bb3
Re7 34. g4 g6 35. a3 Ke5 36. gxf5 gxf5 0-1

[Event "Floripa Chess Open 2024"]
[Site "Florianopolis"]
[Date "2024.01.25"]
[Round "7.39"]
[White "Da Silva, Lucas Pereira Mende"]
[Black "Piasetski, Leon"]
[Result "1-0"]
[WhiteElo "1974"]
[BlackElo "2155"]
[PlyCount "63"]
[EventDate "2024.01.20"]
[EventRounds "10"]
[EventCountry "BRA"]

1. e4 c5 2. Nf3 e6 3. d4 cxd4 4. Nxd4 a6 5. Nc3 b5 6. Bd3 Qb6 7. Be3 Bc5 8.
Nce2 Nc6 9. c3 Nxd4 10. cxd4 Bb4+ 11. Nc3 Nf6 $146 ({RR} 11... d6 12. O-O Ne7
13. Kh1 O-O 14. Qh5 Ng6 15. f4 Bxc3 16. bxc3 f5 17. Rae1 Qc6 18. Bd2 Bb7 19. d5
Qc5 20. dxe6 fxe4 21. Qxc5 dxc5 22. Bxe4 Bxe4 23. Rxe4 Ne7 24. g4 g6 25. Be3
Rac8 26. Re5 {Daianu,C (2201)-Spata,G (2399) chess.com INT 2023 1-0}) 12. O-O
Bb7 13. Qf3 O-O 14. d5 Bc5 15. Bg5 Bd4 16. Bxf6 gxf6 17. Qh3 Rfc8 18. Ne2 Bxb2
19. Rad1 f5 20. exf5 Bxd5 21. fxe6 dxe6 22. Qxh7+ Kf8 23. Nf4 Rd8 24. Bg6 Ra7
25. Nxd5 Rxd5 26. Rxd5 exd5 27. Bd3 Rc7 28. Qh4 Qf6 29. Qb4+ Kg8 30. Qg4+ Qg7
31. Qh4 Qf6 32. Qg3+ 1-0

[Event "Floripa Chess Open 2024"]
[Site "Florianopolis"]
[Date "2024.01.25"]
[Round "7.41"]
[White "Jordao Barbosa, Marcio"]
[Black "Kim, Thiago"]
[Result "1-0"]
[WhiteElo "2146"]
[BlackElo "1944"]
[PlyCount "67"]
[EventDate "2024.01.20"]
[EventRounds "10"]
[EventCountry "BRA"]

1. e4 c5 2. Nf3 Nc6 3. d4 cxd4 4. Nxd4 e5 5. Nb5 d6 6. N1c3 a6 7. Na3 Be6 8.
Nc4 Rb8 9. Nd5 Bxd5 10. exd5 Nce7 11. g3 ({RR} 11. Be2 Nf6 12. Ne3 g6 13. c4 h5
14. O-O Bh6 15. b4 O-O 16. Qb3 b6 17. Bb2 Nd7 18. Qa3 a5 19. bxa5 Nc5 20. Bc3
bxa5 21. Bxa5 Qd7 22. Bb4 Ra8 23. Qc3 Rfc8 24. a3 Qa7 25. Rae1 Ne4 {Kramnik,V 
(2753)-Nakamura,H (2768) chess.com INT 2023 0-1 (70)}) 11... f5 ({RR} 11... g6
12. Bg2 b5 13. Ne3 h5 14. O-O Bh6 15. c4 Nf6 16. cxb5 Rxb5 17. Qa4 Bxe3 18.
Bxe3 Qa8 19. Rac1 Ng4 20. Rc7 Nf5 21. Bg5 f6 22. h3 fxg5 23. hxg4 Nd4 24. Qc4
Qd8 25. Rc8 Ne2+ 26. Kh2 {Sowinski,P (2361)-Psyk,R (2457) Karpacz POL 2023 1-0
(41)}) 12. Bg2 b5 $146 ({RR} 12... Rc8 13. Qe2 Qc7 14. Ne3 g6 15. c3 Nf6 16.
O-O Bg7 17. Rd1 O-O 18. a4 g5 19. a5 h5 20. Ra4 f4 21. Nc4 Nf5 22. Qc2 Nd7 23.
Rb4 Nc5 24. Nb6 Rce8 25. Rc4 Qf7 26. b4 e4 27. bxc5 {Schroeder,J (2322)-Koop,T
(2145) Oberhof 2013 1-0 (64)}) 13. Ne3 Nf6 14. O-O g6 15. a4 Bg7 16. axb5 axb5
17. Bd2 O-O 18. Bb4 Qb6 19. c3 h5 20. Qb3 f4 21. gxf4 exf4 22. Nc2 Nf5 23. Nd4
Nxd4 24. cxd4 Ne8 25. Rad1 Qd8 26. Kh1 Qh4 27. Bh3 f3 28. Be6+ Kh7 29. Qd3 Rf4
30. Rg1 Qf6 31. Qc2 Bf8 32. Bd2 Bh6 33. Bxf4 Bxf4 34. Rxg6 1-0

[Event "Floripa Chess Open 2024"]
[Site "Florianopolis"]
[Date "2024.01.25"]
[Round "7.42"]
[White "Starke, Bruno Orlando"]
[Black "Marcolino, Antonio Claudio H."]
[Result "1-0"]
[WhiteElo "2145"]
[BlackElo "1925"]
[PlyCount "89"]
[EventDate "2024.01.20"]
[EventRounds "10"]
[EventCountry "BRA"]

1. Nf3 Nf6 2. c4 b6 3. g3 Bb7 4. Bg2 c5 5. O-O e6 6. Nc3 Be7 7. d4 cxd4 8. Qxd4
d6 9. b3 O-O 10. Bb2 ({RR} 10. e4 Nbd7 11. Qe3 a6 12. Nd4 Re8 13. Bb2 Qb8 14.
h3 Bf8 15. Rfe1 Qa7 16. Rad1 Rac8 17. Kh2 Qa8 18. Re2 Ne5 19. Kh1 Ng6 20. Rde1
d5 21. exd5 exd5 22. Qf3 Red8 23. Na4 Qa7 24. Nf5 Bc6 {Polugaevsky,L (2625)
-Romanishin,O (2560) Riga (Latvia) 1979 1-0 (44)}) 10... a6 11. Rfd1 ({RR} 11.
Ng5 Bxg2 12. Kxg2 Nbd7 13. Rad1 Qc7 14. Nce4 Nc5 15. Nxf6+ Bxf6 16. Qh4 Bxg5
17. Qxg5 f6 18. Qe3 Qc6+ 19. f3 d5 20. cxd5 exd5 21. Rd2 Rfe8 22. Qf4 Re6 23.
Qf5 Rae8 24. Rf2 a5 25. h4 a4 {Vogel,R (2453)-Womacka,M (2396) Dresden GER
2023 1-0 (43)}) 11... Qc7 12. e4 $146 ({RR} 12. Rac1 Rd8 13. Qe3 Nbd7 14. Nd4
Bxg2 15. Kxg2 Nc5 16. Nf3 Ncd7 17. Nd4 Nc5 18. Nf3 Ncd7 19. Nd4 Nc5 {1/2-1/2  
(19) Razuvaev,Y (2470)-Anikaev,Y (2455) Frunze (Kirgiziya) 1979}) ({RR} 12.
Rac1 Nc6 13. Qd2 Rac8 14. Nd5 exd5 15. cxd5 Qd7 16. dxc6 Rxc6 17. Ne5 dxe5 18.
Qxd7 Nxd7 19. Bxc6 Bxc6 20. Rxc6 Nb8 21. Rc7 Bc5 22. Bxe5 h6 23. Rd3 a5 24. Bd6
Bxd6 25. Rxd6 Na6 26. Rcd7 Nb4 {Kara,Y (2193)-Buker,M (2016) Konya TUR 2019
1-0 (31)}) 12... Rd8 13. Qe3 Nbd7 14. Nd4 Rac8 15. Qe2 Qb8 16. f4 Qa8 17. Re1
Bf8 18. Rad1 Nb8 19. h3 b5 20. cxb5 d5 21. e5 Nfd7 22. f5 Re8 23. fxe6 fxe6 24.
Qg4 Bc5 25. Kh2 Nf8 26. Na4 Nbd7 27. Nxc5 Nxc5 28. Rf1 axb5 29. b4 Ne4 30. a3
Qa6 31. Qf4 Ng6 32. Qf7+ Kh8 33. Rc1 Ng5 34. Rxc8 Rxc8 35. Qd7 Rg8 36. h4 Bc8
37. Qxb5 Qxb5 38. Nxb5 Ne4 39. Nc7 Nd2 40. Rf2 Nc4 41. Bc3 Ngxe5 42. Bh3 Nd3
43. Rf3 Nce5 44. Re3 Nc4 45. Rxd3 1-0